Biblioteca y Centro de Documentación

El TTIP, un acuerdo de largo recorrido (Registro nro. 49369)

Detalles MARC
000 -CABECERA
Longitud fija campo de control 01141naa a2200313 c 4500
001 - NÚMERO DE CONTROL
Número de control 49369
003 - IDENTIFICADOR DE NÚMERO DE CONTROL
Identificador del número de control ES-MaCES
005 - FECHA Y HORA DE LA ÚLTIMA TRANSACCIÓN
Fecha y hora de la última transacción 20170508124358.0
008 - CAMPO FIJO DE DESCRIPCIÓN FIJA--INFORMACIÓN GENERAL
Códigos de información de longitud fija   170508s2017 sp ||||| t||||||| ||spa d
040 ## - FUENTE DE CATALOGACIÓN
Centro catalogador de origen ES-MaCES
Lengua de catalogación spa
Centro transcriptor ES-MaCES
Centro modificado ES-MaCES
100 1# - ENCABEZAMIENTO PRINCIPAL--NOMBRE PERSONAL
9 (RLIN) 38176
Nombre de persona Siles Brügge, Gabriel
245 13 - MENCIÓN DE TÍTULO
Título El TTIP, un acuerdo de largo recorrido
Mención de responsabilidad, etc. Gabriel Siles Brügge
630 44 - ASIENTO SECUNDARIO DE MATERIA--TÍTULO UNIFORME
9 (RLIN) 36272
Título uniforme TTIP
650 #4 - ASIENTO SECUNDARIO DE MATERIA--TÉRMINO DE MATERIA
9 (RLIN) 26683
Término de materia o nombre geográfico como elemento inicial acuerdo internacional
650 #4 - ASIENTO SECUNDARIO DE MATERIA--TÉRMINO DE MATERIA
9 (RLIN) 26675
Término de materia o nombre geográfico como elemento inicial relaciones internacionales
650 #4 - ASIENTO SECUNDARIO DE MATERIA--TÉRMINO DE MATERIA
9 (RLIN) 27958
Término de materia o nombre geográfico como elemento inicial comercio internacional
650 #4 - ASIENTO SECUNDARIO DE MATERIA--TÉRMINO DE MATERIA
9 (RLIN) 27963
Término de materia o nombre geográfico como elemento inicial convenio comercial
650 #4 - ASIENTO SECUNDARIO DE MATERIA--TÉRMINO DE MATERIA
9 (RLIN) 28005
Término de materia o nombre geográfico como elemento inicial libre comercio
650 #4 - ASIENTO SECUNDARIO DE MATERIA--TÉRMINO DE MATERIA
9 (RLIN) 28006
Término de materia o nombre geográfico como elemento inicial zona de libre comercio
650 #4 - ASIENTO SECUNDARIO DE MATERIA--TÉRMINO DE MATERIA
9 (RLIN) 27960
Término de materia o nombre geográfico como elemento inicial mercado común
650 #4 - ASIENTO SECUNDARIO DE MATERIA--TÉRMINO DE MATERIA
9 (RLIN) 26687
Término de materia o nombre geográfico como elemento inicial política exterior
650 #4 - ASIENTO SECUNDARIO DE MATERIA--TÉRMINO DE MATERIA
9 (RLIN) 30753
Término de materia o nombre geográfico como elemento inicial negociación
650 #4 - ASIENTO SECUNDARIO DE MATERIA--TÉRMINO DE MATERIA
9 (RLIN) 28373
Término de materia o nombre geográfico como elemento inicial Estados Unidos
650 #4 - ASIENTO SECUNDARIO DE MATERIA--TÉRMINO DE MATERIA
9 (RLIN) 26752
Término de materia o nombre geográfico como elemento inicial UE
653 10 - TÉRMINO DE INDEXACIÓN--NO CONTROLADO
Término no controlado Comercio internacional
773 0# - ENTRADA DE DOCUMENTO FUENTE
Itemnumber del ítem fuente 85844
Lugar, editor y fecha de publicación Madrid (Padilla, 6, 28006) Estudios de Política Exterior
Otro identificador del documento 088742
Título Política exterior
Número de control del registro relacionado (ES-MaCES)25128
Parte(s) relacionada(s) vol. 31, n. 175 (en.-feb. 2017) {10110 R. 088742} ;p. 96-104
902 ## - CES. TIPO DE DOCUMENTO
Tipodoc (006$c Sirtex) ART Artículo de revista
942 ## - ELEMENTOS KOHA
Fuente de clasificaión o esquema Clasificación propia del CES
Koha [por defecto] tipo de item Artículos (1982-2017)
Parte de clasificación Economía

No hay ítems disponibles.

© CES, Consejo Económico y Social de España 2021